| 000 | 01169nam a22002657a 4500 | ||
|---|---|---|---|
| 003 | OSt | ||
| 005 | 20250930133751.0 | ||
| 008 | 250930b |||||||| |||| 00| 0 eng d | ||
| 040 | _c0 | ||
| 082 | _aDPer 370.15 J826 October-November 2019 v. 111 n. 7-8 | ||
| 100 |
_aOlive, Lisa S. _eauthor. _968235 |
||
| 245 |
_aCan physical education improve the mental health of children? the LOOK study cluster-randomized controlled trial / _cLisa S. Olive, Don Byrne, Ross B. Cunningham, Rohan M. Telford, and Richard D. Telford. |
||
| 260 |
_a Washington, DC ; _bAmerican Psychological Association , _cOctober 2019. |
||
| 300 |
_aVolume 111, pages 1331-1340 : _billustrations ; _c28 cm. |
||
| 500 | _aJournal of Educational Psychology, vol. 111, no. 7, pages 1331-1340, October 2019. | ||
| 650 | 0 |
_aDepression (Psychology). _947458 |
|
| 650 | 0 |
_aMental health. _930801 |
|
| 650 | 0 |
_aOutcomes of education. _964911 |
|
| 700 |
_aOlive, Lisa S. _eauthor. _968235 |
||
| 700 |
_aByrne, Don. _eauthor. _968237 |
||
| 700 |
_aCunningham, Ross B. _eauthor. _968238 |
||
| 700 |
_aTelford, Rohan M. _eauthor. _968239 |
||
| 700 |
_aTelford, Richard D. _eauthor. _968240 |
||
| 942 |
_2ddc _cPER |
||
| 999 |
_c23908 _d23908 |
||